Clubs masculins ayant le plus grand nombre de victoires dans la Ligue de Midi-Pyrénées de football - Statistiques

Statistiques générales
  • Ce quiz a été pris 15 fois
  • Le résultat moyen est 7 sur 12
Statistiques - réponses
Nombre de titres Club Population de la ville % Correct
4 Toulouse FC 511 684
100%
4 Rodez AF 56 303
79%
3 Tarbes PF 44 529
79%
3 Blagnac FC 27 314
71%
3 Auch Football 22 825
64%
4 US Albi 50 605
64%
4 AS Muret 25 653
57%
4 US Saint-Gaudens 11 869
50%
4 JS Cugnalaise 20 239
36%
10 US Revel 9 686
29%
6 SO Mazamet 10 123
21%
11 US Cazères 4 818
7%
Aucun quiz correspondant
Distribution des résultats
% des personnes avec chaque résultat
Percentile par nombre de réponses
Votre historique - résultats
Vous n’avez pas pris ce quiz